000 00468nam a2200133Ia 4500
008 220216s9999 xx 000 0 und d
100 _aJoseph J.[c]
245 0 _aScope of rubber based industries in Tripura
260 _bSeminar on Entrepreneurship Development in Tripura: Issues and Challenges, 27 March 2005, IGNOU Study Centre, MBB College, Agarthala, pp. 11
_c2005
650 _aRubber product industry
650 _aTripura
700 _aDey S.K.
942 _cBS
999 _c52549
_d52549